LEADER 00869nam a2200229 i 4500 001 000000111929 003 CaOOAMICUS 005 20160923000000.0 008 160923s1949 it u000 u eng u 013 $a84611 040 $aSeMil$bita 100 1 $aOrwell, George <1903-1950>.$0(OLS)http://semarc/name/20416 245 10$aNineteen Eighty - Four /$cA novel George Orwell. 260 $a[New York] :$bPenguin Books,$ccopyr. 1949. 300 $a250 p. ;$c19 cm. 490 0 $aPenguin Books ;$v972 830 0$aPenguin Books ;$v972.$0(OLS)http://semarc/title/45173 850 $aSeMil 852 $aSeMil$W1$xVenegono$y1$m1V II 296$j67728$B67728$CSeMilBibl$Z2$F73900 $81 961 $aOmaggio: Delpini mons. Mario 996 $6245$aNineteen Eighty - Four$9(OLS)http://semarc/title/163064 996 $6260$a[New York] :$bPenguin Books$9(OLS)http://semarc/publisher/33420 LEADER 01031nam a2200253 i 4500 001 000000146201 003 CaOOAMICUS 005 20051221000000.0 008 051221s2005 it u000 u ita u 013 $a122882 020 $a88-10-80234-9 040 $aSeMil$bita 245 10$aFede e costituzione :$bconferenze mondiali, 1927-1993 /$ca cura di Stefano Rosso e Emilia Turco. 300 $aLXXVII, 1519, 176 p. 490 0 $aStrumenti 700 1 $aTurco, Emilia.$0(OLS)http://semarc/name/15208 700 1 $aRosso, Stefano <1931- >.$0(OLS)http://semarc/name/15206 773 0 $tEnchiridion Oecumenicum.$dBologna : EDB, 1986.$g6$w()785 830 0$aStrumenti.$0(OLS)http://semarc/title/6054 850 $aSeMil 852 $aSeMil$W1$xVenegono$y1$mSL1.X IV 36$j98898$B98898$CSeMilBibl$Z2$F107189 $8I 961 $aSottoscrizione: Cittą Nuova (Agente) 996 $6020$a88-10-80234-9$9(OLS)http://semarc/number/134707 996 $6245$aFede e costituzione :$bconferenze mondiali, 1927-1993$9(OLS)http://semarc/title/213793